Futbolistas dibujados por una IA #1 - Estadísticas

Estadísticas generales
  • Esta prueba ha sido intentada 4.933 veces
  • La puntuación promedio es 12 de 16
Estadísticas de respuestas
Imagen Respuesta % Correcto
Cristiano Ronaldo
100%
Diego Maradona
99%
Pelé
97%
Luis Suárez
94%
Erling Haaland
90%
Gareth Bale
90%
Zlatan Ibrahimović
89%
Wayne Rooney
82%
Johan Cruyff
80%
Thierry Henry
80%
Lev Yashin
66%
Samuel Eto'o
65%
Carlos Valderrama
61%
Franz Beckenbauer
54%
George Best
52%
Peter Schmeichel
40%
No se encontraron pruebas coincidentes
Distribución de puntuación
Porcentaje de gente con cada puntuación
Porcentaje por número respondido
Historial de tus puntuaciones
No has intentado esta prueba.